| 000 | 00444nam a2200181Ia 4500 | ||
|---|---|---|---|
| 001 | 72321 | ||
| 008 | 160401s9999 xx 000 0 und d | ||
| 020 | _a9780140250589 | ||
| 040 | _cPK-LaUMT | ||
| 082 |
_a 954.035 _bKHI-I |
||
| 100 | _aKhilnani, Sunil | ||
| 245 | 4 |
_aThe idea of India _cKhilnani, Sunil |
|
| 260 |
_aNew York,USA: _bPenguin Books, _c1997 |
||
| 300 | _a363 p. | ||
| 546 | _aEN | ||
| 650 | _aIndia-Civilization | ||
| 942 | _cBK | ||
| 999 |
_c85301 _d85301 |
||